你殺了誰 / (Record no. 7689)

MARC details
000 -LEADER
fixed length control field 00867cam a22003012i 4500
001 - CONTROL NUMBER
control field ko06153
003 - CONTROL NUMBER IDENTIFIER
control field YEEZEN
005 - DATE AND TIME OF LATEST TRANSACTION
control field 20260127133630.0
008 - FIXED-LENGTH DATA ELEMENTS--GENERAL INFORMATION
fixed length control field 240701s2024 ch e 000 0 chi d
020 ## - INTERNATIONAL STANDARD BOOK NUMBER
International Standard Book Number 9786267415665
Qualifying information (平裝) :
Terms of availability 新臺幣499元
035 ## - SYSTEM CONTROL NUMBER
System control number .b21157583
040 ## - CATALOGING SOURCE
Original cataloging agency CIP
Language of cataloging chi
Modifying agency RNI
Transcribing agency CIP
042 ## - AUTHENTICATION CODE
Authentication code nbic
049 ## - LOCAL HOLDINGS (OCLC)
Holding library RNIA
090 ## - LOCALLY ASSIGNED LC-TYPE CALL NUMBER (OCLC); LOCAL CALL NUMBER (RLIN)
Classification number (OCLC) (R) ; Classification number, CALL (RLIN) (NR) 861.57
Local cutter number (OCLC) ; Book number/undivided call number, CALL (RLIN) 5641-89
100 1# - MAIN ENTRY--PERSONAL NAME
Personal name 東野圭吾
240 10 - UNIFORM TITLE
Uniform title あなたが誰かを殺した
245 10 - TITLE STATEMENT
Title 你殺了誰 /
Statement of responsibility, etc. 東野圭吾著; 王華懋譯
250 ## - EDITION STATEMENT
Edition statement 初版
260 ## - PUBLICATION, DISTRIBUTION, ETC.
Place of publication, distribution, etc. 臺北市 :
Name of publisher, distributor, etc. 獨步文化,
Date of publication, distribution, etc. 2024.08
300 ## - PHYSICAL DESCRIPTION
Extent 316面 ;
Dimensions 21公分
490 1# - SERIES STATEMENT
Series statement 東野圭吾作品集;
Volume/sequential designation 44.
500 ## - GENERAL NOTE
General note 譯自:あなたが誰かを殺した
700 1# - ADDED ENTRY--PERSONAL NAME
Personal name 王, 華懋
765 0# - ORIGINAL LANGUAGE ENTRY
Title あなたが誰かを殺した
830 #0 - SERIES ADDED ENTRY--UNIFORM TITLE
Uniform title 東野圭吾作品集;
Volume/sequential designation 44.
942 ## - ADDED ENTRY ELEMENTS (KOHA)
Source of classification or shelving scheme 中文圖書分類法
Koha item type 一般圖書
Holdings
撤銷狀態 遺失狀態 分類號來源 損壞狀態 不外借 永久館藏地 現在館藏地 書架位置 採購日期 全部借出 全部續借 完整索書號 條碼號 最後一次日期記錄 Date last checked out 一般價格有效日期 Koha館藏類型 公開資訊
未註銷館藏 未遺失 中文圖書分類法 未損毀 可外借 怡仁綜合醫院圖書館 怡仁綜合醫院圖書館   2026-01-27 1 1 861.57 C03273 2026-03-23 2026-02-24 2026-01-27 一般圖書 \歷經十年──《新參者》加賀恭一郎回來了/ 一回來就面對最窮凶極惡的對手! 堪比《惡意》險惡,《誰殺了她》燒腦 每一張美麗的臉底下,都是黑暗的祕密😈
怡仁醫院| 地址:32643桃園市楊梅區楊新北路321巷30號 | 服務專線:03-4855566 | 電子郵件信箱:
Copyright © 1996 CHC Hospital